000 00306nam a22001337a 4500
008 171030b xxu||||| |||| 00| 0 eng d
020 _a9780808022459
041 _aeng
080 _a33
100 _a58
101 _aBUS
245 _aBUSINESS AND INDUSTRIAL FINANCIAL RATIOS
_cTROY, L
942 _2udc
_cBK
999 _c36510
_d36510